| 000 | 00573nam a2200217 a 4500 | ||
|---|---|---|---|
| 999 |
_c6100 _d6100 |
||
| 001 | 6100 | ||
| 003 | BD-JhCC | ||
| 005 | 20180102095457.0 | ||
| 008 | 180101s1961 bg |||| ||a| 001 0 eng d | ||
| 035 | _a(BD-JhCC)6100 | ||
| 040 |
_aBD-JhCC _dBD-JhCC |
||
| 041 | _aeng | ||
| 082 |
_a822.6 _bGOL 1961 |
||
| 245 |
_aGoldsmith : _bShe Stoops To Conquer / _ced. by G. A. F. M. Chatwin |
||
| 260 |
_aLondon : _bAt The Ckarendon Press, _c1961. |
||
| 300 |
_a100 p. : _c17 cm. |
||
| 650 | _aEnglish Drama | ||
| 700 | _aChatwin, G. A. F. M. | ||
| 942 |
_2ddc _cBK |
||